000 00460nmm a2200169Ia 4500
008 251105s9999||||xx |||||||||||||||||und||
020 _a9562828581
041 _aspa
100 _aBerenguer, Carmen
245 0 _aMama Marx
264 _a[Santiago de Chile, Chile] :
_bLOM Ediciones,
_c2007
300 _a132 páginas
490 _aEntre Mares
650 _aLatin American poetry
856 _uhttps://public.digitaliapublishing.com/a/13077
942 _cCF
999 _c74371
_d74371